Dallas Mavericks 2018-19 Roster - Statistics

General Stats
  • This quiz has been taken 138 times
  • The average score is 9 of 15
Answer Stats
Nbr Post Player % Correct
77 PG Luka Doncic
95%
41 PF Dirk Nowitzki
94%
10 SF Dorian Finney-Smith
74%
1 PG Dennis Smith Jr.
68%
42 PF Maxi Kleber
64%
7 PF Dwight Powell
63%
13 PG Jalen Brunson
59%
40 SF Harrison Barnes
55%
6 C DeAndre Jordan
53%
5 PG J.J. Barea
53%
- Head Coach Rick Carlisle
52%
23 SG Wesley Matthews
45%
50 C Salah Mejri
41%
34 PG Devin Harris
29%
37 PF Kostas Antetokounmpo
14%
No matching quizzes found
Score Distribution
Percent of People with Each Score
Percentile by Number Answered
Your Score History
You have not taken this quiz